Top 10 largest countries in Europe in terms of population. - Statistics

General Stats
  • This quiz has been taken 164 times
  • The average score is 9 of 10
Answer Stats
Population Country % Correct
67,348,000 France
99%
82,800,000 Germany
99%
66,040,229 United Kingdom
99%
60,494,118 Italy
98%
144,526,636 Russia
98%
47,720,291 Spain
97%
38,433,600 Poland
96%
44,291,413 Ukraine
92%
19,622,000 Romania
85%
17,272,990 Netherlands
81%
No matching quizzes found
Score Distribution
Percent of People with Each Score
Percentile by Number Answered
Your Score History
You have not taken this quiz